鉄道唱歌第一集東海道編に登場する駅名 - Statistics

General Stats
  • This quiz has been taken 190 times
  • The average score is 35 of 58
Answer Stats
Hint Answer % Correct
新橋
99%
品川
95%
川崎
93%
横浜
92%
鶴見
84%
大船
84%
小田原電気鉄道 幸町一丁目〔本社前〕(小田原)
81%
大森
79%
神奈川
76%
静岡
76%
浜松
74%
豊橋
74%
京都(七條)
74%
大阪(梅田)
74%
名古屋
73%
鎌倉
72%
沼津
72%
掛川
71%
三島
70%
岡崎
70%
米原
70%
岐阜
68%
国府津
67%
神戸
66%
横須賀
65%
御殿場
64%
豊川鉄道 豊川
64%
大垣
64%
彦根
63%
焼津
62%
関ケ原
62%
草津
62%
袋井
60%
蒲郡
59%
大磯
58%
島田
58%
藤枝
56%
京浜電気鉄道 大師
54%
茨木
54%
吹田
54%
(名産名として) 興津
52%
熱田
52%
山科
52%
山北
50%
逗子
47%
小山
44%
舞坂
42%
天竜川
40%
山崎
40%
大高
36%
小田原電気鉄道 酒匂松原(酒匂)
32%
中泉
30%
江尻
23%
稲荷
23%
阪鶴鉄道 伊丹
22%
西成鉄道 安治川口
19%
神崎
19%
阪鶴鉄道 池田
19%
No matching quizzes found
Score Distribution
Percent of People with Each Score
Percentile by Number Answered
Your Score History
You have not taken this quiz